000 00391nam a22001577a 4500
020 _a978-81-264-7707-4
082 _a894.812.3
_bMEE/S
100 _aMEERA K.R
245 _aSURYANE ANINJA ORU STHREE
246 _aSURYANE ANINJA ORU STHREE
_bSURYANE ANINJA ORU STHREE
260 _aKOTTAYAM
_bDC BOOKS
_c2021
300 _a384
520 _aNOVEL
650 _aMALAYALAM NOVEL
942 _cBK
999 _c6799
_d6799